书目信息 |
| 题名: |
城市开放空间声景观的营造
|
|
| 作者: | 孟琪 , 刘芳芳 著 | |
| 分册: | ||
| 出版信息: | 哈尔滨 哈尔滨工业大学出版社 2025.04 |
|
| 页数: | 332页 | |
| 开本: | 26cm | |
| 丛书名: | 智慧建筑与建成环境系列图书 | |
| 单 册: | ||
| 中图分类: | TB533 | |
| 科图分类: | ||
| 主题词: | 振动--噪声 , 振动控制:噪声控制 | |
| 电子资源: | ||
| ISBN: | 978-7-5767-1769-3 | |
| 000 | 01252nam0 2200277 450 | |
| 001 | 2561373395 | |
| 005 | 20251216170628.36 | |
| 010 | @a978-7-5767-1769-3@dCNY78.00 | |
| 100 | @a20251216d2025 km y0chiy0120 ea | |
| 101 | 0 | @achi |
| 102 | @aCN@b230000 | |
| 200 | 1 | @a城市开放空间声景观的营造@ACheng Shi Kai Fang Kong Jian Sheng Jing Guan De Ying Zao@f孟琪, 刘芳芳著@FMeng Qi,Liu Fang Fang Zhu |
| 210 | @a哈尔滨@c哈尔滨工业大学出版社@d2025.04 | |
| 215 | @a332页@d26cm | |
| 225 | 2 | @a智慧建筑与建成环境系列图书 |
| 300 | @a"十四五 " 时期国家重点出版物出版专项规划项目 黑龙江省精品图书出版工程 | |
| 330 | @a本书介绍城市开放空间声景观的创新理论与设计方法, 提出该领域的基本知识和原理, 内容涵盖城市开放空间声景观的3个主要影响因素 : 人群特征, 包括人群的基本特征、人群行为特征和人群的声学特征等 ; 室外环境视觉因素, 包括窗墙比、围合度、建筑外墙颜色对声景观的影响 ; 声景价值, 包括声景价值理论、价值分析、价值影响因素及提升策略等。 | |
| 410 | 0 | @12001 @a智慧建筑与建成环境系列图书 |
| 503 | @n河南城建学院图书馆 | |
| 606 | 0 | @a振动@x噪声 |
| 606 | 0 | @a振动控制:噪声控制 |
| 690 | @aTB533@v4 | |
| 701 | 0 | @a孟琪@AMeng Qi@4著 |
| 701 | 0 | @a刘芳芳@ALiu Fang Fang@4著 |
| 801 | 0 | @aCN@b大连网信软件有限公司图书馆·11@c20251216 |
| 905 | @aZUCC@dTB533@eM608 | |
| 城市开放空间声景观的营造/孟琪, 刘芳芳著.-哈尔滨:哈尔滨工业大学出版社,2025.04 |
| 332页;26cm.-(智慧建筑与建成环境系列图书) |
| "十四五 " 时期国家重点出版物出版专项规划项目 黑龙江省精品图书出版工程 |
| ISBN 978-7-5767-1769-3:CNY78.00 |
| 本书介绍城市开放空间声景观的创新理论与设计方法, 提出该领域的基本知识和原理, 内容涵盖城市开放空间声景观的3个主要影响因素 : 人群特征, 包括人群的基本特征、人群行为特征和人群的声学特征等 ; 室外环境视觉因素, 包括窗墙比、围合度、建筑外墙颜色对声景观的影响 ; 声景价值, 包括声景价值理论、价值分析、价值影响因素及提升策略等。 |
| ● |
| 相关链接 |
|
|
|
正题名:城市开放空间声景观的营造
索取号:TB533/M608
 
预约/预借
| 序号 | 登录号 | 条形码 | 馆藏地/架位号 | 状态 | 备注 |
| 1 | 1556739 | 215567394 | 建筑与城市规划学院资料室/ [索取号:TB533/M608] | 在馆 | |
| 2 | 1556740 | 215567401 | 建筑与城市规划学院资料室/ [索取号:TB533/M608] | 在馆 |